Fr. Conceicao Rodrigues College of Engineering

Linux Programming Tools (Record no. 28211)

MARC details
000 -LEADER
fixed length control field 00316nam a2200145Ia 4500
100 ## - MAIN ENTRY--PERSONAL NAME
Personal name Venkateswarlu/N.B
245 ## - TITLE STATEMENT
Title Linux Programming Tools
260 ## - PUBLICATION, DISTRIBUTION, ETC.
Name of publisher, distributor, etc. BS Publication
Date of publication, distribution, etc. 2006
300 ## - PHYSICAL DESCRIPTION
Extent 565
546 ## - LANGUAGE NOTE
Language note ENGLISH
650 ## - SUBJECT ADDED ENTRY--TOPICAL TERM
Topical term or geographic name entry element Linux Programming
654 ## - SUBJECT ADDED ENTRY--FACETED TOPICAL TERMS
Focus term Linux Programming
942 ## - ADDED ENTRY ELEMENTS (KOHA)
Koha item type BOOK
Holdings
Withdrawn status Lost status Damaged status Not for loan Collection Home library Current library Date acquired Total Checkouts Full call number Barcode Date last seen Price effective from Koha item type
        CRC Fr. Agnel's C.Rodrigues College of Engineering Fr. Agnel's C.Rodrigues College of Engineering 17/03/2023   18095 17/03/2023   BOOK